Southville International School and Colleges
Your cart is empty.
  • Cart
  • Lists
    Public lists Eva Luna New books Lux_list list_1
    Your lists Log in to create your own lists
  • Log in to your account
  • Your cookies
  • Search history
Southville International School and Colleges
  • Advanced search
  • Recent comments
  • Most popular
  • Libraries

Log in to your account

Log in with GOOGLE


If you do not have an external account, but do have a local account, you can still log in:

  1. Home
  2. MARC view: How to write & publish a scientific paper /
Normal view MARC view ISBD view

How to write & publish a scientific paper / (Record no. 9961)

[ view plain ]
MARC details
000 -LEADER
fixed length control field 00642nam a22002297a 4500
003 - CONTROL NUMBER IDENTIFIER
control field 0
005 - DATE AND TIME OF LATEST TRANSACTION
control field 20240816142950.0
008 - FIXED-LENGTH DATA ELEMENTS--GENERAL INFORMATION
fixed length control field 130122t xxu||||| |||| 00| 0 eng d
020 ## - INTERNATIONAL STANDARD BOOK NUMBER
International Standard Book Number 1-57356-165-7
050 ## - LIBRARY OF CONGRESS CALL NUMBER
Classification number T 11
Item number .D33 1988
082 ## - DEWEY DECIMAL CLASSIFICATION NUMBER
Classification number HS 808.0665
Item number .D33 1988
100 ## - MAIN ENTRY--PERSONAL NAME
Personal name Day, Robert A.
Dates associated with a name 1924-
245 ## - TITLE STATEMENT
Title How to write & publish a scientific paper /
Statement of responsibility, etc Robert A. Day
250 ## - EDITION STATEMENT
Edition statement 5th ed.
260 ## - PUBLICATION, DISTRIBUTION, ETC. (IMPRINT)
Place of publication, distribution, etc Westport, CT :
Name of publisher, distributor, etc The Oryx Press,
Date of publication, distribution, etc c1988.
300 ## - PHYSICAL DESCRIPTION
Extent xvi, 275 p. ;
Dimensions 23 cm.
504 ## - BIBLIOGRAPHY, ETC. NOTE
Bibliography, etc Includes bibliographic references and index.
562 ## - COPY AND VERSION IDENTIFICATION NOTE
Number of copies 1
650 ## - SUBJECT ADDED ENTRY--TOPICAL TERM
Topical term or geographic name as entry element Technical writing.
942 ## - ADDED ENTRY ELEMENTS (KOHA)
Source of classification or shelving scheme Library of Congress Classification
Koha item type Books
Holdings
Withdrawn status Lost status Source of classification or shelving scheme Damaged status Home library Current library Shelving location Date acquired Source of acquisition Total Checkouts Full call number Barcode Date last seen Copy number Price effective from Koha item type
    Library of Congress Classification   Luxembourg Library Luxembourg Library High School Section 08/30/2013 Donation   T 11 .D33 1988 9615 08/30/2013 1 08/30/2013 Books

How to write & publish a scientific paper /

APA

Day R. A., . (1988). How to write & publish a scientific paper. Westport, CT: The Oryx Press.

Chicago

Day Robert A, . 1988. How to write & publish a scientific paper. Westport, CT: The Oryx Press.

Harvard

Day R. A., . (1988). How to write & publish a scientific paper. Westport, CT: The Oryx Press.

MLA

Day Robert A, . How to write & publish a scientific paper. Westport, CT: The Oryx Press. 1988.

  • Place hold
  • Print
  • Cite
  • Add to your cart (remove)
  • Save record
    BIBTEX Dublin Core MARCXML MARC (non-Unicode/MARC-8) MARC (Unicode/UTF-8) MARC (Unicode/UTF-8, Standard) MODS (XML) RIS
  • More searches
    Search for this title in:
    Other Libraries (WorldCat) Other Databases (Google Scholar) Online Stores (Bookfinder.com) Open Library (openlibrary.org)

Exporting to Dublin Core...

SOUTHVILLE LIBRARY

Southville International School and Colleges Library

1281 Tropical Ave. Cor. Luxembourg St., BF Homes International, Las Pinas City

Tel. No. 8256374 / 252358 Loc. 117/146

Powered by Koha